| 000 | 00746nam a2200229 4500 | ||
|---|---|---|---|
| 999 |
_c13434 _d13434 |
||
| 003 | MIRAKIL | ||
| 005 | 20190725153810.0 | ||
| 008 | 190725b tu ||||| |||| 00| 0 tur d | ||
| 020 | _a 9758724541 | ||
| 040 |
_aTR-AnCHP _cTR-AnCHP |
||
| 041 | _atur | ||
| 082 |
_aATA 956.1024092 _bA72m 2005 |
||
| 100 | _aAtadan, Makbule | ||
| 245 | 1 | 0 |
_aMakbule Atadan anlatıyor: _bağabeyim Mustafa Kemal / _cMakbule Atadan; Şemsi Belli. |
| 260 |
_aİstanbul: _bSelis Kitapları; _c2005. |
||
| 300 |
_a88 s.: _bfotg.; _c19 sm. |
||
| 490 | 0 |
_aSelis Kitapları; _aTarih-Anı; _v52. _v6. |
|
| 600 | 1 | 4 |
_91465 _aAtatürk, Gazi Mustafa Kemal _d1881-1938 |
| 600 | 0 |
_95908 _aAtadan, Makbule _d1885-1956 _xAnılar |
|
| 700 |
_95909 _aBelli, Şemsi |
||
| 942 |
_2ddc _cBKS |
||